[Event "Qatar Masters op"]
[Site "Doha"]
[Date "2023.10.19"]
[Round "8"]
[White "Avinash, Ramesh"]
[Black "Akshat, Khamparia"]
[Result "1/2-1/2"]
[WhiteElo "2286"]
[BlackElo "2393"]
[PlyCount "120"]
[EventDate "2023.10.11"]
[EventType "swiss"]
[EventRounds "9"]
[EventCountry "QAT"]
[SourceTitle "Mega2024 Update 01"]
[Source "Chessbase"]
[SourceDate "2023.11.12"]
[SourceVersion "1"]
[SourceVersionDate "2023.11.12"]
[SourceQuality "1"]

1. e4 e6 2. d4 d5 3. e5 c5 4. c3 Bd7 5. Nf3 Qb6 6. Be2 cxd4 7. cxd4 Bb5 8. 0-0 Bxe2 9. Qxe2 Nc6 10. Rd1 Nge7 11. Nc3 a6 12. Be3 Nf5 13. Rac1 Be7 14. g4 Nxe3 15. Qxe3 Qxb2 16. Rb1 Qa3 17. Rxb7 Na5 18. Rbb1 Nc4 19. Qc1 0-0 20. Qxa3 Bxa3 21. Rb3 a5 22. Na4 Rfb8 23. Ne1 Rb4 24. Nc5 Rxb3 25. Nxb3 a4 26. Na1 Rb8 27. Nd3 Bb2 28. Nc2 Rc8 29. Nxb2 Nxb2 30. Rd2 Nc4 31. Re2 Rb8 32. Ne3 Rb1+ 33. Kg2 Na3 34. Rd2 g5 35. h4 h6 36. hxg5 hxg5 37. Kf3 Rb4 38. Nd1 Nc4 39. Rd3 Kf8 40. Ne3 Na5 41. Nd1 Ke7 42. Ke2 Kd7 43. a3 Rb1 44. Nc3 Rb2+ 45. Rd2 Rb3 46. Nxa4 Rxa3 47. Nc5+ Kc6 48. Rd3 Ra2+ 49. Ke1 Nc4 50. Rc3 Rb2 51. Nd3 Rb1+ 52. Ke2 Kb5 53. Rc2 Rg1 54. Kf3 Ka4 55. Rc1 Rxc1 56. Nxc1 Kb4 57. Ne2 Nd2+ 58. Ke3 Nf1+ 59. Kd3 Nh2 60. Ng1 Nxg4 1/2-1/2

[Event "Istanbul op"]
[Site "Istanbul"]
[Date "2023.08.26"]
[Round "1"]
[White "Akshat, Khamparia"]
[Black "Darvishi, Mohammad Hossein"]
[Result "1-0"]
[WhiteElo "2401"]
[BlackElo "2129"]
[PlyCount "77"]
[EventDate "2023.08.26"]
[EventType "swiss"]
[EventRounds "9"]
[EventCountry "TUR"]
[SourceTitle "EXT 2024"]
[Source "ChessBase"]
[SourceDate "2023.10.10"]
[SourceVersion "1"]
[SourceVersionDate "2023.10.10"]
[SourceQuality "1"]

1. d4 Nf6 2. c4 e6 3. Nc3 Bb4 4. e3 0-0 5. a3 Bxc3+ 6. bxc3 c5 7. Bd3 Nc6 8. Ne2 e5 9. 0-0 e4 10. Bb1 d6 11. Ng3 Bg4 12. f3 exf3 13. gxf3 Bh3 14. Rf2 Qa5 15. Bd2 Qa6 16. Bd3 Rfe8 17. e4 h5 18. Bg5 Nh7 19. Be3 h4 20. Ne2 g5 21. Kh1 f6 22. f4 f5 23. fxg5 fxe4 24. Bc2 Bg4 25. g6 Nf8 26. dxc5 Bf3+ 27. Rxf3 exf3 28. Qd5+ Re6 29. Nf4 Ne7 30. Qxf3 Rf6 31. g7 Ne6 32. Qe4 Nf5 33. Nh5 Rf7 34. Qxe6 Qc6+ 35. Be4 d5 36. Bxf5 d4+ 37. Qxc6 bxc6 38. Be6 dxe3 39. Rg1 1-0

[Event "Budapest Vezerkepzo Pentecost GM2"]
[Site "Budapest"]
[Date "2023.05.26"]
[Round "9"]
[White "Pasti, Aron"]
[Black "Akshat, Khamparia"]
[Result "0-1"]
[WhiteElo "2361"]
[BlackElo "2374"]
[PlyCount "70"]
[EventDate "2023.05.18"]
[EventType "tourn"]
[EventRounds "9"]
[EventCountry "HUN"]
[EventCategory "6"]
[SourceTitle "CBM 214 Extra"]
[Source "ChessBase"]
[SourceDate "2023.07.31"]
[SourceVersion "1"]
[SourceVersionDate "2023.07.31"]
[SourceQuality "1"]

1. e4 c5 2. Nf3 d6 3. d4 cxd4 4. Nxd4 Nf6 5. Nc3 Nc6 6. Bg5 e6 7. Qd2 a6 8. 0-0-0 Bd7 9. f4 Be7 10. Nf3 b5 11. e5 b4 12. exf6 bxc3 13. Qxc3 gxf6 14. Bh4 Rg8 15. Kb1 Rb8 16. Rg1 h5 17. f5 e5 18. Bc4 Qb6 19. Bb3 Na5 20. Nd2 Rg4 21. Bf2 Qb5 22. h3 Rf4 23. Be3 Rb4 24. a3 Rxb3 25. Nxb3 Nxb3 26. Qxb3 Qxb3 27. cxb3 Rxb3 28. Bd2 Bxf5+ 29. Ka1 d5 30. g4 hxg4 31. hxg4 Be6 32. Rdf1 Bc5 33. Rg2 Bd4 34. Be1 Rxa3+ 35. Kb1 Rh3 0-1

[Event "Budapest Vezerkepzo Pentecost GM2"]
[Site "Budapest"]
[Date "2023.05.20"]
[Round "3"]
[White "Akshat, Khamparia"]
[Black "Royal, Shreyas"]
[Result "1-0"]
[WhiteElo "2374"]
[BlackElo "2427"]
[PlyCount "59"]
[EventDate "2023.05.18"]
[EventType "tourn"]
[EventRounds "9"]
[EventCountry "HUN"]
[EventCategory "6"]
[SourceTitle "CBM 214 Extra"]
[Source "ChessBase"]
[SourceDate "2023.07.31"]
[SourceVersion "1"]
[SourceVersionDate "2023.07.31"]
[SourceQuality "1"]

1. d4 d5 2. c4 e6 3. Nc3 Nf6 4. Nf3 c5 5. cxd5 Nxd5 6. e4 Nxc3 7. bxc3 cxd4 8. cxd4 Bb4+ 9. Bd2 Bxd2+ 10. Qxd2 0-0 11. Rc1 b6 12. Bd3 Bb7 13. 0-0 Nd7 14. Qf4 Nf6 15. h3 h6 16. Rfd1 Rc8 17. h4 Rxc1 18. Rxc1 Qb8 19. e5 Rd8 20. Nd2 Nd5 21. Qe4 g6 22. Qg4 Rc8 23. Re1 Qc7 24. Ne4 h5 25. Qg5 Qe7 26. Nf6+ Nxf6 27. exf6 Qb4 28. Bxg6 Qxe1+ 29. Kh2 Kf8 30. Bxf7 1-0

[Event "Cattolica Grandiscacchi op 1st"]
[Site "Cattolica"]
[Date "2022.03.05"]
[Round "6"]
[White "Akshat, Khamparia"]
[Black "Moroni, Luca Jr"]
[Result "1-0"]
[WhiteElo "2390"]
[BlackElo "2588"]
[PlyCount "99"]
[EventDate "2022.03.01"]
[EventType "swiss"]
[EventRounds "9"]
[EventCountry "ITA"]
[SourceTitle "CBM 207 Extra"]
[Source "ChessBase"]
[SourceDate "2022.05.31"]
[SourceVersion "1"]
[SourceVersionDate "2022.05.31"]
[SourceQuality "1"]

1. d4 d5 2. Nf3 Nf6 3. Bf4 c5 4. e3 Nc6 5. c3 Qb6 6. Qb3 c4 7. Qc2 Bf5 8. Qc1 e6 9. h3 h6 10. Nbd2 Qd8 11. Be2 b5 12. Ne5 Nxe5 13. Bxe5 Be7 14. g4 Bg6 15. h4 0-0 16. Bg3 b4 17. g5 bxc3 18. bxc3 hxg5 19. hxg5 Ne4 20. Nxe4 Bxe4 21. f3 Bg6 22. Kf2 Bxg5 23. Qg1 Bh6 24. Rxh6 gxh6 25. Qh2 f6 26. Rg1 Kf7 27. Bc7 Qc8 28. Qxh6 Rg8 29. Bd6 Qa6 30. Bb4 Rab8 31. a3 Rxb4 32. axb4 Qa2 33. Qf4 Qa6 34. Qc7+ Ke8 35. f4 f5 36. Qb8+ Kf7 37. Qc7+ Ke8 38. Rg5 Qa2 39. Qd6 Kf7 40. Qc7+ Ke8 41. b5 Kf8 42. Qd7 Qa1 43. Qxe6 Qh1 44. Qf6+ Ke8 45. Qe6+ Kf8 46. Qf6+ Ke8 47. Rxg6 Rxg6 48. Qxg6+ Kd8 49. Qg5+ Kc7 50. Bf3 1-0

[Event "Titled Tuesday intern op 01st Feb-A"]
[Site "Chess.com INT"]
[Date "2022.02.01"]
[Round "5"]
[White "Akshat, Khamparia"]
[Black "Khamzin, Olzhas"]
[Result "1-0"]
[WhiteElo "2390"]
[BlackElo "2301"]
[PlyCount "59"]
[EventDate "2022.02.01"]
[EventType "swiss (blitz)"]
[EventRounds "11"]
[EventCountry "USA"]
[SourceTitle "CBM 206 Extra"]
[Source "ChessBase"]
[SourceDate "2022.03.31"]
[SourceVersion "1"]
[SourceVersionDate "2022.03.31"]
[SourceQuality "1"]

1. d4 c5 2. d5 e6 3. e4 exd5 4. exd5 d6 5. Nf3 Be7 6. Bd3 Nf6 7. c4 0-0 8. 0-0 Bg4 9. h3 Bh5 10. Nc3 Nbd7 11. g4 Bg6 12. Bf4 a6 13. Re1 Re8 14. a4 Qc7 15. Kg2 Bf8 16. Bxg6 hxg6 17. Qd2 Rxe1 18. Rxe1 Re8 19. Rxe8 Nxe8 20. Qe2 Qd8 21. Ne4 Ndf6 22. Ng3 Nc7 23. a5 Nce8 24. Bd2 Qe7 25. Qd3 Nd7 26. Ng5 Qf6 27. Qb3 Qd4 28. Nf3 Qf6 29. Bg5 Qxg5 30. Nxg5 1-0

[Event "Titled Tuesday intern op 01st Feb-A"]
[Site "Chess.com INT"]
[Date "2022.02.01"]
[Round "8"]
[White "Akshat, Khamparia"]
[Black "Yaksin, Oleg"]
[Result "1-0"]
[WhiteElo "2390"]
[BlackElo "2388"]
[PlyCount "113"]
[EventDate "2022.02.01"]
[EventType "swiss (blitz)"]
[EventRounds "11"]
[EventCountry "USA"]
[SourceTitle "CBM 206 Extra"]
[Source "ChessBase"]
[SourceDate "2022.03.31"]
[SourceVersion "1"]
[SourceVersionDate "2022.03.31"]
[SourceQuality "1"]

1. d4 Nf6 2. c4 e6 3. Nc3 Ba3 4. bxa3 0-0 5. e4 c5 6. d5 exd5 7. exd5 Re8+ 8. Be2 a6 9. Nf3 Qa5 10. Bd2 Qxa3 11. 0-0 d6 12. Qc2 Qa5 13. Bd3 Qc7 14. h3 Nbd7 15. Rae1 h6 16. Bf4 b6 17. Rxe8+ Nxe8 18. Re1 Bb7 19. Qe2 Ndf6 20. Qe7 Qxe7 21. Rxe7 Rb8 22. Na4 Kf8 23. Re1 b5 24. Nxc5 bxc4 25. Bxc4 Rc8 26. Bxa6 Bxa6 27. Nxa6 Ra8 28. Nb4 Ra4 29. Bd2 Nc7 30. Rc1 Ncxd5 31. Nxd5 Nxd5 32. Rc2 Ke7 33. Kf1 g5 34. g4 Ke6 35. Be3 Kd7 36. Nd4 Nb4 37. Rc3 Nxa2 38. Rb3 Nb4 39. Nf5 Nd5 40. Rd3 Ke6 41. Nxh6 Ra1+ 42. Kg2 Ra5 43. Nf5 f6 44. Bd2 Rb5 45. Kg3 Rc5 46. Be3 Ra5 47. Rb3 Nc7 48. Rb7 Nb5 49. Re7+ Kd5 50. Rf7 Nc3 51. Kf3 Ra2 52. Rxf6 Ne4 53. Rg6 Ke5 54. Bd4+ Kd5 55. Be3 Ke5 56. Rg8 Kd5 57. Bxg5 1-0

[Event "Titled Tuesday intern op 01st Feb-A"]
[Site "Chess.com INT"]
[Date "2022.02.01"]
[Round "7"]
[White "Ambartsumova, Karina"]
[Black "Akshat, Khamparia"]
[Result "1-0"]
[WhiteElo "2382"]
[BlackElo "2390"]
[PlyCount "37"]
[EventDate "2022.02.01"]
[EventType "swiss (blitz)"]
[EventRounds "11"]
[EventCountry "USA"]
[SourceTitle "CBM 206 Extra"]
[Source "ChessBase"]
[SourceDate "2022.03.31"]
[SourceVersion "1"]
[SourceVersionDate "2022.03.31"]
[SourceQuality "1"]

1. d4 d5 2. Nf3 f6 3. c4 c6 4. Nc3 dxc4 5. e4 b5 6. a4 b4 7. Na2 c5 8. Bxc4 Ba6 9. Qb3 Bxc4 10. Qxc4 Nh6 11. dxc5 Nf7 12. Nxb4 a5 13. Nd5 Nc6 14. 0-0 Rb8 15. Rd1 Qc8 16. Nb6 Qc7 17. Rd7 Nce5 18. Rxc7 Nxc4 19. Nxc4 1-0

[Event "Titled Tuesday intern op 01st Feb-A"]
[Site "Chess.com INT"]
[Date "2022.02.01"]
[Round "3"]
[White "Cramling Bellon, Anna"]
[Black "Akshat, Khamparia"]
[Result "0-1"]
[WhiteElo "2057"]
[BlackElo "2390"]
[PlyCount "68"]
[EventDate "2022.02.01"]
[EventType "swiss (blitz)"]
[EventRounds "11"]
[EventCountry "USA"]
[SourceTitle "CBM 206 Extra"]
[Source "ChessBase"]
[SourceDate "2022.03.31"]
[SourceVersion "1"]
[SourceVersionDate "2022.03.31"]
[SourceQuality "1"]

1. d4 d5 2. c4 dxc4 3. e3 Nf6 4. Bxc4 e6 5. Nc3 c5 6. Nf3 a6 7. a4 Nc6 8. 0-0 cxd4 9. exd4 Be7 10. d5 exd5 11. Nxd5 Nxd5 12. Bxd5 0-0 13. Be3 Bf5 14. Bxc6 bxc6 15. Nd4 Be4 16. Qe2 c5 17. Nf3 Bd3 18. Qd1 Bxf1 19. Qxf1 Qd5 20. Rd1 Qb3 21. Qe2 Rfd8 22. Rc1 Qxa4 23. h3 Qb5 24. Qc2 Rac8 25. Bg5 Bxg5 26. Nxg5 Qd3 27. Qa4 h6 28. Nf3 Rd6 29. Qg4 Rcd8 30. Nh4 Rd4 31. f4 Qe3+ 32. Kh2 Qxc1 33. g3 Rd2+ 34. Ng2 Qf1 0-1

[Event "Titled Tuesday intern op 26th Oct"]
[Site "Chess.com INT"]
[Date "2021.10.26"]
[Round "8"]
[White "Akshat, Khamparia"]
[Black "Martin Carmona, Gaston Manuel"]
[Result "1-0"]
[WhiteElo "2390"]
[BlackElo "2326"]
[PlyCount "81"]
[EventDate "2021.10.26"]
[EventType "swiss (blitz)"]
[EventRounds "11"]
[EventCountry "USA"]
[SourceTitle "CBM 204 Extra"]
[Source "ChessBase"]
[SourceDate "2021.11.30"]
[SourceVersion "1"]
[SourceVersionDate "2021.11.30"]
[SourceQuality "1"]

1. d4 Nf6 2. c4 g6 3. Nc3 Bg7 4. e4 d6 5. h3 0-0 6. Be3 c6 7. g4 a6 8. g5 Nfd7 9. h4 b5 10. h5 Nb6 11. hxg6 hxg6 12. cxb5 axb5 13. Nh3 Nc4 14. Bxc4 bxc4 15. Qe2 Qb6 16. 0-0-0 Na6 17. Qxc4 Nb4 18. a3 Ba6 19. Qxb4 Qc7 20. Qb3 Rfb8 21. Qc2 Bc4 22. f3 Bb3 23. Qh2 Bxd1 24. Nxd1 c5 25. dxc5 Rb3 26. Nf4 Rab8 27. Nd5 Qb7 28. cxd6 e6 29. Nf6+ Kf8 30. Bc5 Qc6 31. Qc2 Bxf6 32. gxf6 Ke8 33. Bb4 Qxc2+ 34. Kxc2 R8xb4 35. axb4 Rxf3 36. Nc3 Rxf6 37. e5 Rf2+ 38. Kb3 g5 39. b5 Kd7 40. b6 Kc6 41. Rd1 1-0

[Event "Titled Tuesday intern op 12th Oct"]
[Site "Chess.com INT"]
[Date "2021.10.12"]
[Round "4"]
[White "Goncharov, Vladimir"]
[Black "Akshat, Khamparia"]
[Result "1-0"]
[WhiteElo "2077"]
[BlackElo "2390"]
[PlyCount "51"]
[EventDate "2021.10.12"]
[EventType "swiss (blitz)"]
[EventRounds "11"]
[EventCountry "USA"]
[SourceTitle "EXT 2023"]
[Source "ChessBase"]
[SourceDate "2022.10.05"]
[SourceVersion "1"]
[SourceVersionDate "2022.10.05"]
[SourceQuality "1"]

1. e4 c5 2. Nf3 d6 3. d4 cxd4 4. Qxd4 Nc6 5. Bb5 Qd7 6. Bxc6 bxc6 7. c4 Nf6 8. Bg5 h6 9. Bxf6 gxf6 10. Nc3 Rg8 11. g3 f5 12. 0-0-0 Bg7 13. e5 dxe5 14. Qc5 Qe6 15. Rhe1 e4 16. Nh4 Bf6 17. Nxf5 Rg5 18. g4 Rxg4 19. Nd4 Bxd4 20. Qxd4 f6 21. f3 Rh4 22. Nxe4 Kf7 23. Nd6+ exd6 24. Qxh4 Qf5 25. Qxh6 Be6 26. Rg1 1-0

[Event "Titled Tuesday intern op 12th Oct"]
[Site "Chess.com INT"]
[Date "2021.10.12"]
[Round "7"]
[White "Semenova, Elena"]
[Black "Akshat, Khamparia"]
[Result "0-1"]
[WhiteElo "2233"]
[BlackElo "2390"]
[PlyCount "50"]
[EventDate "2021.10.12"]
[EventType "swiss (blitz)"]
[EventRounds "11"]
[EventCountry "USA"]
[SourceTitle "EXT 2023"]
[Source "ChessBase"]
[SourceDate "2022.10.05"]
[SourceVersion "1"]
[SourceVersionDate "2022.10.05"]
[SourceQuality "1"]

1. e4 c5 2. c3 d5 3. exd5 Qxd5 4. Nf3 Nc6 5. d4 Bg4 6. Be2 cxd4 7. cxd4 e6 8. Nc3 Bb4 9. 0-0 Qa5 10. h3 Bxf3 11. Bxf3 Nge7 12. Be3 0-0 13. a3 Bxc3 14. bxc3 Qxc3 15. Qb1 Nxd4 16. Qxb7 Nxf3+ 17. Qxf3 Nd5 18. Rfc1 Qe5 19. Bc5 Rfc8 20. Rab1 Qf6 21. Qg3 h6 22. Rb7 Rc6 23. Kh2 Rac8 24. Rb4 Rxc5 25. Rxc5 Rxc5 0-1

[Event "Titled Tuesday intern op 05th Oct"]
[Site "Chess.com INT"]
[Date "2021.10.05"]
[Round "2"]
[White "Akshat, Khamparia"]
[Black "Piesik, Piotr"]
[Result "0-1"]
[WhiteElo "2390"]
[BlackElo "2389"]
[PlyCount "80"]
[EventDate "2021.10.05"]
[EventType "swiss (blitz)"]
[EventRounds "11"]
[EventCountry "USA"]
[SourceTitle "CBM 204 Extra"]
[Source "ChessBase"]
[SourceDate "2021.11.30"]
[SourceVersion "1"]
[SourceVersionDate "2021.11.30"]
[SourceQuality "1"]

1. d4 c5 2. d5 e5 3. e4 d6 4. Nc3 Be7 5. a4 Bg5 6. Bxg5 Qxg5 7. Nf3 Qd8 8. Be2 Ne7 9. Nd2 0-0 10. Nc4 a6 11. a5 f5 12. Nb6 Ra7 13. 0-0 Nd7 14. Nca4 Nxb6 15. Nxb6 fxe4 16. Ra4 Bf5 17. h4 Nc8 18. g4 Qxh4 19. gxf5 Rxf5 20. Bg4 Rg5 21. Rxe4 Nxb6 22. axb6 Ra8 23. Kg2 h5 24. f3 hxg4 25. fxg4 Rf8 26. Rxf8+ Kxf8 27. Qf3+ Kg8 28. c4 Qh6 29. Kg3 Qf6 30. Re1 Qd8 31. Rf1 Qe7 32. b3 Rg6 33. Qe4 Rf6 34. Rh1 g6 35. Rh6 Kg7 36. g5 Rf5 37. Rh5 Rxg5+ 38. Rxg5 Qxg5+ 39. Kh2 Qf4+ 40. Qxf4 exf4 0-1

[Event "Titled Tuesday intern op 05th Oct"]
[Site "Chess.com INT"]
[Date "2021.10.05"]
[Round "5"]
[White "Akshat, Khamparia"]
[Black "Rodriguez, Santiago"]
[Result "1-0"]
[WhiteElo "2390"]
[BlackElo "2252"]
[PlyCount "49"]
[EventDate "2021.10.05"]
[EventType "swiss (blitz)"]
[EventRounds "11"]
[EventCountry "USA"]
[SourceTitle "CBM 204 Extra"]
[Source "ChessBase"]
[SourceDate "2021.11.30"]
[SourceVersion "1"]
[SourceVersionDate "2021.11.30"]
[SourceQuality "1"]

1. d4 Nf6 2. c4 e6 3. Nc3 Bb4 4. e3 Ne4 5. Nge2 b6 6. Qc2 Bb7 7. a3 Nxc3 8. axb4 Nxe2 9. Bxe2 0-0 10. 0-0 d6 11. f4 Nd7 12. Bd3 f5 13. d5 exd5 14. Bxf5 Rxf5 15. Qxf5 dxc4 16. Bd2 Qe7 17. Rab1 Be4 18. Qh5 Bxb1 19. Qd5+ Qf7 20. Qxa8+ Nf8 21. Rxb1 Qf5 22. e4 Qg4 23. Qd5+ Kh8 24. h3 Qe2 25. Re1 1-0

[Event "Titled Tuesday intern op 21st Sept"]
[Site "Chess.com INT"]
[Date "2021.09.21"]
[Round "7"]
[White "Akshat, Khamparia"]
[Black "Tomaszewski, Kacper"]
[Result "0-1"]
[WhiteElo "2390"]
[BlackElo "2302"]
[PlyCount "28"]
[EventDate "2021.09.21"]
[EventType "swiss (blitz)"]
[EventRounds "9"]
[EventCountry "USA"]
[SourceTitle "EXT 2022"]
[Source "ChessBase"]
[SourceDate "2021.10.06"]
[SourceVersion "1"]
[SourceVersionDate "2021.10.06"]
[SourceQuality "1"]

1. d4 Nf6 2. c4 g6 3. Nc3 d5 4. Qb3 e6 5. cxd5 exd5 6. Bg5 c6 7. e4 dxe4 8. Bc4 Be7 9. Bxf7+ Kd7 10. Qe6+ Kc7 11. Qe5+ Qd6 12. 0-0-0 Rf8 13. Bb3 Ng8 14. Bh6 Nxh6 0-1

[Event "Titled Tuesday intern op 21st Sept"]
[Site "Chess.com INT"]
[Date "2021.09.21"]
[Round "2"]
[White "Szpar, Milosz"]
[Black "Akshat, Khamparia"]
[Result "1-0"]
[WhiteElo "2403"]
[BlackElo "2390"]
[PlyCount "67"]
[EventDate "2021.09.21"]
[EventType "swiss (blitz)"]
[EventRounds "9"]
[EventCountry "USA"]
[SourceTitle "EXT 2022"]
[Source "ChessBase"]
[SourceDate "2021.10.06"]
[SourceVersion "1"]
[SourceVersionDate "2021.10.06"]
[SourceQuality "1"]

1. e4 c5 2. Nf3 d6 3. d4 cxd4 4. Qxd4 Nc6 5. Bb5 Qd7 6. Qd3 a6 7. Ba4 b5 8. Bb3 g6 9. 0-0 Bg7 10. c4 Nf6 11. Nc3 bxc4 12. Qxc4 0-0 13. Ba4 Bb7 14. Nd5 Nxd5 15. exd5 Na5 16. Qb4 Qc7 17. Bd2 Nc4 18. Rac1 Bxd5 19. b3 Rfb8 20. Rxc4 Qd8 21. Qa3 Bxf3 22. gxf3 e6 23. Rc6 d5 24. Qd6 Qh4 25. Qf4 Qh5 26. Rc7 Rf8 27. Re1 Rac8 28. Rb7 Rc2 29. Bb4 Bh6 30. Qg3 Rfc8 31. Rb8 Qf5 32. Bd7 Bf4 33. Rxc8+ Rxc8 34. Qh4 1-0

[Event "Titled Tuesday intern op 21st Sept"]
[Site "Chess.com INT"]
[Date "2021.09.21"]
[Round "1"]
[White "Tarigan, Gilbert Elroy"]
[Black "Akshat, Khamparia"]
[Result "0-1"]
[WhiteElo "2149"]
[BlackElo "2390"]
[PlyCount "76"]
[EventDate "2021.09.21"]
[EventType "swiss (blitz)"]
[EventRounds "9"]
[EventCountry "USA"]
[SourceTitle "EXT 2022"]
[Source "ChessBase"]
[SourceDate "2021.10.06"]
[SourceVersion "1"]
[SourceVersionDate "2021.10.06"]
[SourceQuality "1"]

1. e3 c5 2. c3 b6 3. Qf3 Nc6 4. d4 cxd4 5. Bc4 Nf6 6. exd4 g6 7. Nh3 Bg7 8. 0-0 0-0 9. Re1 d5 10. Bb5 Bb7 11. Bg5 a6 12. Bd3 Re8 13. Nd2 e5 14. dxe5 Nxe5 15. Qg3 Nh5 16. Bxd8 Nxg3 17. hxg3 Raxd8 18. Bf1 h6 19. Nb3 g5 20. Nd4 Nc4 21. Reb1 b5 22. b3 Nd2 23. Rd1 Nxf1 24. Kxf1 Rc8 25. Rac1 b4 26. Ng1 Rxc3 27. Rxc3 bxc3 28. Nge2 Rc8 29. Rc1 a5 30. Ke1 Ba6 31. Kd1 Bd3 32. Ke1 Kf8 33. g4 Re8 34. Kd1 Re4 35. f3 Rxd4 36. Nxd4 Bxd4 37. Ke1 Ke7 38. Rd1 c2 0-1

[Event "Titled Tuesday intern op 07th Sept"]
[Site "Chess.com INT"]
[Date "2021.09.07"]
[Round "9"]
[White "Akshat, Khamparia"]
[Black "Yaksin, Oleg"]
[Result "1-0"]
[WhiteElo "2390"]
[BlackElo "2377"]
[PlyCount "149"]
[EventDate "2021.09.07"]
[EventType "swiss (blitz)"]
[EventRounds "11"]
[EventCountry "USA"]
[SourceTitle "EXT 2022"]
[Source "ChessBase"]
[SourceDate "2021.10.06"]
[SourceVersion "1"]
[SourceVersionDate "2021.10.06"]
[SourceQuality "1"]

1. d4 e6 2. c4 d5 3. Nc3 Ne7 4. Nf3 a6 5. Bg5 h6 6. Bh4 dxc4 7. a4 c5 8. e3 Nbc6 9. Bxc4 cxd4 10. exd4 Qa5 11. 0-0 Nf5 12. Bg3 Bb4 13. d5 Bxc3 14. bxc3 exd5 15. Re1+ Be6 16. Bxd5 0-0-0 17. Bxe6+ fxe6 18. Qb3 Nxg3 19. hxg3 e5 20. Rab1 Rd7 21. Qe6 Qd5 22. Qf5 Re8 23. Red1 Qe6 24. Qxe6 Rxe6 25. Rxd7 Kxd7 26. Rxb7+ Kd6 27. Rxg7 Kc5 28. Kf1 Kc4 29. Rc7 Kb3 30. g4 Kxa4 31. g5 a5 32. gxh6 Rxh6 33. g4 Kb3 34. g5 Re6 35. Ke2 Kxc3 36. g6 Rxg6 37. Nxe5 Kb3 38. Rxc6 Rg8 39. Rb6+ Kc3 40. Ra6 Kb4 41. Nd3+ Kb5 42. Ra7 Re8+ 43. Kd2 a4 44. f4 Rf8 45. Rb7+ Kc6 46. Rb4 Ra8 47. Rb1 Kd5 48. Ra1 Ke4 49. Ra3 Ra7 50. Ke2 Kd4 51. Kf3 Kc4 52. f5 Kd5 53. Kf4 Kd6 54. Nb2 Kc5 55. Rxa4 Rb7 56. Ra5+ Kd4 57. Ra4+ Kc3 58. Nc4 Kb3 59. Ra6 Kxc4 60. Rd6 Kc5 61. Rd2 Rb1 62. f6 Rf1+ 63. Ke5 Kc6 64. Ke6 Kc7 65. f7 Re1+ 66. Kf6 Rf1+ 67. Ke7 Re1+ 68. Kf8 Rf1 69. Rd4 Kc6 70. Kg7 Rg1+ 71. Kf6 Kc5 72. Rf4 Kd5 73. f8Q Rc1 74. Qd8+ Kc6 75. Qc8+ 1-0

[Event "Titled Tuesday intern op 07th Sept"]
[Site "Chess.com INT"]
[Date "2021.09.07"]
[Round "7"]
[White "Ziatdinov, Raset"]
[Black "Akshat, Khamparia"]
[Result "1-0"]
[WhiteElo "2213"]
[BlackElo "2390"]
[PlyCount "111"]
[EventDate "2021.09.07"]
[EventType "swiss (blitz)"]
[EventRounds "11"]
[EventCountry "USA"]
[SourceTitle "EXT 2022"]
[Source "ChessBase"]
[SourceDate "2021.10.06"]
[SourceVersion "1"]
[SourceVersionDate "2021.10.06"]
[SourceQuality "1"]

1. e4 c5 2. Nf3 d6 3. d4 cxd4 4. Nxd4 Nf6 5. Nc3 Nc6 6. Qd2 g6 7. Nxc6 bxc6 8. Be2 Bg7 9. 0-0 0-0 10. Qd1 Rb8 11. Rb1 e5 12. Be3 Qc7 13. Qd2 Re8 14. Rfd1 Re6 15. Bc4 d5 16. exd5 cxd5 17. Bxd5 Nxd5 18. Nxd5 Qc4 19. Bh6 Bb7 20. Ne3 Qxa2 21. Bxg7 Kxg7 22. b3 Qa6 23. Ra1 Qb6 24. Nd5 Qc5 25. Ra5 Qd4 26. Qe1 Qb2 27. Rxa7 Qxc2 28. Ne3 Qe4 29. f3 Qf4 30. Rd7 Rb6 31. Nc4 Rxb3 32. Qxe5+ Qxe5 33. Nxe5 Kf6 34. Nxf7 Rb6 35. Nd6 Bd5 36. Ne8+ Rxe8 37. Rxd5 Rb2 38. Rd6+ Kg5 39. h4+ Kh6 40. Rdd7 g5 41. Rxh7+ Kg6 42. Rhg7+ Kf6 43. hxg5+ Kf5 44. Raf7+ Ke6 45. Rf6+ Ke5 46. Ra7 Rd8 47. Ra4 Rdd2 48. Ra5+ Kd4 49. Rd6+ Ke3 50. Re5+ Kf4 51. Rxd2 Rxd2 52. Re4+ Kxg5 53. Kh2 Kh5 54. Kg3 Kg5 55. Re5+ Kf6 56. Ra5 1-0

[Event "Titled Tuesday intern op 17th Aug"]
[Site "Chess.com INT"]
[Date "2021.08.17"]
[Round "7"]
[White "Akshat, Khamparia"]
[Black "Seifert, Henryk"]
[Result "0-1"]
[WhiteElo "2390"]
[BlackElo "2159"]
[PlyCount "64"]
[EventDate "2021.08.17"]
[EventType "swiss (blitz)"]
[EventRounds "11"]
[EventCountry "USA"]
[SourceTitle "EXT 2022"]
[Source "ChessBase"]
[SourceDate "2021.10.06"]
[SourceVersion "1"]
[SourceVersionDate "2021.10.06"]
[SourceQuality "1"]

1. d4 d5 2. c4 c6 3. Nf3 e6 4. Nc3 dxc4 5. e3 b5 6. a4 Bb4 7. Bd2 Bb7 8. axb5 Bxc3 9. Bxc3 cxb5 10. b3 a5 11. d5 Nf6 12. dxe6 Qxd1+ 13. Kxd1 fxe6 14. bxc4 b4 15. Bb2 Nbd7 16. Nd4 Ke7 17. f3 Nc5 18. Kc2 a4 19. Nb5 Rhc8 20. Bd4 Nb3 21. Rb1 Ba6 22. Kb2 Nd2 23. Rc1 Bxb5 24. cxb5 a3+ 25. Ka1 b3 26. Rxc8 Rxc8 27. Bd3 b2+ 28. Ka2 Rc1 29. b6 Rxh1 30. Bxf6+ gxf6 31. b7 b1Q+ 32. Bxb1 Rxb1 0-1